The top 20 most strongest Countries 2024 - Statistics

General Stats
  • This quiz has been taken 82 times
  • The average score is 13 of 20
Answer Stats
Rank Answer % Correct
3 China
100%
1 United States of America
99%
6 France
97%
11 Germany
96%
2 Russia
96%
5 UK
96%
4 India
93%
8 Japan
91%
9 South Korea
91%
14 Brazil
88%
7 Pakistan
74%
12 Mexico
72%
20 North Korea
68%
10 Egypt
67%
18 Nigeria
45%
17 Democratic Republic of the Congo
32%
13 Morocco
29%
16 Angola
10%
15 Nepal
4%
19 Ausralia
0%
No matching quizzes found
Score Distribution
Percent of People with Each Score
Percentile by Number Answered
Your Score History
You have not taken this quiz